Tadpoles to frogs / (Record no. 6423)

MARC details
000 -LEADER
fixed length control field 01348cam a2200397 a 4500
001 - CONTROL NUMBER
control field 6423
003 - CONTROL NUMBER IDENTIFIER
control field FISKH
005 - DATE AND TIME OF LATEST TRANSACTION
control field 20250429123810.0
008 - FIXED-LENGTH DATA ELEMENTS--GENERAL INFORMATION
fixed length control field 081105s2009 nyua j 001 0 eng
010 ## - LIBRARY OF CONGRESS CONTROL NUMBER
LC control number 2008046252
020 ## - INTERNATIONAL STANDARD BOOK NUMBER
International Standard Book Number 9780778739562 (reinforced library binding : alk. paper)
020 ## - INTERNATIONAL STANDARD BOOK NUMBER
International Standard Book Number 0778739562 (reinforced library binding : alk. paper)
020 ## - INTERNATIONAL STANDARD BOOK NUMBER
International Standard Book Number 9780778739753
020 ## - INTERNATIONAL STANDARD BOOK NUMBER
International Standard Book Number 9780778739753 (pbk. : alk. paper)
020 ## - INTERNATIONAL STANDARD BOOK NUMBER
International Standard Book Number 0778739759 (pbk. : alk. paper)
040 ## - CATALOGING SOURCE
Original cataloging agency DLC
Transcribing agency DLC
Modifying agency QBX
-- IG#
-- DLC
Language of cataloging eng
050 ## - LIBRARY OF CONGRESS CALL NUMBER
Classification number QL668.E2 K346
082 ## - DEWEY DECIMAL CLASSIFICATION NUMBER
Classification number 597.8
100 1# - MAIN ENTRY--PERSONAL NAME
Personal name Kalman, Bobbie.
245 10 - TITLE STATEMENT
Title Tadpoles to frogs /
Statement of responsibility, etc. Bobbie Kalman.
260 ## - PUBLICATION, DISTRIBUTION, ETC.
Place of publication, distribution, etc. New York :
Name of publisher, distributor, etc. Crabtree Publishing Company,
Date of publication, distribution, etc. 2009.
300 ## - PHYSICAL DESCRIPTION
Extent 24 pages :
Other physical details color illustrations ;
Dimensions 24 cm
490 1# - SERIES STATEMENT
Series statement It's fun to learn about baby animals
500 ## - GENERAL NOTE
General note Includes index.
505 ## - FORMATTED CONTENTS NOTE
Formatted contents note N<br/>
520 ## - SUMMARY, ETC.
Summary, etc. Looks at the life cycle of pond frogs and tree frogs, following their metamorphosis from tadpoles to adult amphibian.
521 8# - TARGET AUDIENCE NOTE
Target audience note 540<br/>
Source Lexile IG<br/>
521 8# - TARGET AUDIENCE NOTE
Target audience note N<br/>
Source Raz-Plus<br/>
650 #0 - SUBJECT ADDED ENTRY--TOPICAL TERM
Topical term or geographic name entry element Tadpoles
Form subdivision Juvenile literature.
650 #0 - SUBJECT ADDED ENTRY--TOPICAL TERM
Topical term or geographic name entry element Frogs
General subdivision Life cycles
Form subdivision Juvenile literature.
650 #1 - SUBJECT ADDED ENTRY--TOPICAL TERM
Topical term or geographic name entry element Tadpoles.
650 #1 - SUBJECT ADDED ENTRY--TOPICAL TERM
Topical term or geographic name entry element Frogs
General subdivision Life cycles.
906 ## - LOCAL DATA ELEMENT F, LDF (RLIN)
a 7
b cbc
c orignew
d 1
e ecip
f 20
g y-gencatlg
942 ## - ADDED ENTRY ELEMENTS (KOHA)
Source of classification or shelving scheme Dewey Decimal Classification
Koha item type Books
Suppress in OPAC No
Holdings
Withdrawn status Lost status Source of classification or shelving scheme Damaged status Not for loan Collection Home library Current library Shelving location Date acquired Total Checkouts Full call number Barcode Date last seen Copy number Price effective from Koha item type
    Dewey Decimal Classification     Non-Fiction Footprints International School Library Network Toul Kork Campus Footprints International School Library Network Toul Kork Campus TK Primary Library Room(4th Floor), Bookcase 3&4, Shelves 17-32, Yellow Books 04/29/2025   KAL 597.8 QL668.E2 K346 FISTK00993 04/29/2025 1 04/29/2025 Books